000 00240nam a22001097a 4500
008 160519b xxu||||| |||| 00| 0 eng d
020 _a087857533
041 _aeng
080 _a61
245 _aEveryday health hints:
_cEve;
942 _2udc
_cBK
999 _c2223
_d2223